Tilastot visalle Varsinais-Suomen kunnat kartalla

Klikkaa tästä pelataksesi tätä visaa!

Yleistilastot

  • Tätä visaa on pelattu 4 518 kertaa
  • Keskiarvotulos 18 / 27

Vastaukset kartalla

Vastauksille on annettu kartalla punavihreä väri sen mukaan, kuinka moni on saanut sen oikein.
 

Vastaustilastot

VaakunaVäkilukuKunta% Oikein
v195 301Turku
99%
v19 579Naantali
89%
v51 407Salo
88%
v35 502Kaarina
80%
v24 818Raisio
80%
v15 463Uusikaupunki
77%
v3958Aura
76%
v15 086Parainen
75%
v9615Masku
74%
v15 632Loimaa
72%
v20 299Lieto
69%
v6617Kemiönsaari
67%
v11 401Paimio
67%
v8461Laitila
66%
v968Kustavi
65%
v7594Mynämäki
65%
v8564Somero
62%
v2271Koski Tl
61%
v4688Nousiainen
61%
v6379Rusko
60%
v1678Taivassalo
58%
v1337Oripää
57%
v2958Sauvo
57%
v2271Vehmaa
57%
v8227Pöytyä
55%
v1988Marttila
54%
v1986Pyhäranta
52%

Tulosjakauma

Persentiili vastausten määrän mukaan

Jokaisen tuloksen saaneiden osuus

Tuloshistoriasi

Et ole pelannut tätä visaa